00514nam a2200205 a 4500001001300000003000900013005001700022008004100039020001000080082001600090100002200106245002800128260003100156300000800187500003500195505001300230650001300243650003000256700002200286nice12345678IN_TiNIC20260116011904.0050524s1933 laha grp 000 0 urd  ac10000a294.29bPRE aPrem, Charnji Lal aMirzai Tabligh Ka Jawab aLahorebArya Musafirc1933 a16p aincludes index and biblioraphy2 aAppendix aHinduism aHinduism-Apologetics work1 aPrem, Charnji Lal